LAX Direct Flights - Statistics

General Stats
  • This quiz has been taken 45 times
  • The average score is 118 of 187
Answers on the Map
Answers color-coded by a green-red scale on the quiz's map according to % correct below.
 
Answer Stats
Answer % Correct
Dublin
94%
Narita/Tokyo
94%
Paris CDG
94%
San Diego
94%
Tokyo Haneda
94%
Honolulu
91%
London Gatwick
91%
London Heathrow
91%
Orly/Paris
91%
San José
91%
Barcelona/El Prat
88%
Fiumicino/Rome
88%
Guarulhos/São Paulo
88%
Incheon/Seoul
88%
Madrid
88%
Miami
88%
New York City
88%
Oslo
88%
San Jose
88%
San José del Cabo
88%
Sydney
88%
Toronto
88%
Amsterdam
84%
Auckland
84%
Chicago O'Hare
84%
Copenhagen
84%
Dubai
84%
Frankfurt
84%
Guangzhou
84%
Keihanshin
84%
Montréal
84%
Newark
84%
Panama City
84%
Vantaa/Helsinki
84%
Atlanta
81%
Beijing
81%
Boston
81%
Calgary
81%
Chicago Midway
81%
Dallas Love Field
81%
Denver
81%
Houston W.P. Hobby
81%
Istanbul
81%
Las Vegas
81%
Lima
81%
Manila
81%
Mexico City
81%
Munich
81%
Nassau
81%
Orlando
81%
Phoenix
81%
Santiago
81%
Tel Aviv-Yafo
81%
Vancouver
81%
Warsaw
81%
Anchorage
78%
Austin
78%
Detroit
78%
Guatemala City
78%
Hong Kong
78%
Melbourne
78%
Portland
78%
Sacramento
78%
San Francisco
78%
Seattle/Tacoma
78%
Shanghai
78%
Singapore
78%
Tampa
78%
Taoyuan/Taipei
78%
Zürich
78%
Baltimore/Washington D.C.
75%
Brisbane
75%
Doha
75%
Edmonton
75%
Jackson Hole
75%
Kahului
75%
Minneapolis/St. Paul
75%
New Orleans
75%
San Salvador
75%
Vienna
75%
Cancún
72%
Charlotte
72%
Dallas/Fort Worth
72%
Dulles/Washington D.C.
72%
Jacksonville
72%
Salt Lake City
72%
San Antonio
72%
Albuquerque
69%
Fort Lauderdale/Hollywood
69%
Jeddah
69%
Monterrey
69%
Nice
69%
Oakland
69%
Washington D.C. Nat'l
69%
El Paso
66%
Indianapolis
66%
Monterey
66%
Oklahoma City
66%
Reno/Tahoe
66%
Rockford/Chicago
66%
Shenzhen
66%
Winnipeg
66%
Buffalo/Niagara Falls
63%
Guadalajara
63%
Houston G. Bush
63%
Richmond
63%
Tucson
63%
Belize City
59%
Boise
59%
Cleveland
59%
Columbus
59%
Fa'a'ā/Papeete
59%
Hartford
59%
Kansas City
59%
Memphis
59%
Nashville
59%
Northern Kentucky/Cincinnati
59%
Philadelphia
59%
Pittsburgh
59%
Raleigh/Durham
59%
Chengdu
56%
Kailua-Kona
56%
Norfolk
56%
St. Louis
56%
Xiamen
56%
Eugene
53%
Everett/Seattle
53%
Fort Myers
53%
Nadi
53%
Providence
53%
Aspen
50%
Billings/Logan
50%
Charleston
50%
Louisville
50%
Spokane
50%
Tulsa
50%
Bellingham
47%
Grand Rapids
47%
Omaha
47%
Palm Springs
47%
Redmond
47%
Bozeman/Yellowstone
44%
Fresno/Yosemite
44%
Little Rock
44%
Madison
44%
Puerto Vallarta
44%
Santa Barbara
44%
Sioux Falls
44%
Akron/Canton
41%
Eagle County
41%
Oaxaca
41%
Palm Beach
41%
San Luis Obispo County
41%
Aguascalientes
38%
Des Moines
38%
Humboldt County
38%
Laredo
38%
Liberia/Guanacaste
38%
Lihue
38%
Missoula
38%
Wichita
38%
Bentonville
34%
Grand Cayman
34%
Kalispell/Glacier NP
34%
León/Guanajuato
34%
McAllen
34%
Redding
34%
Grand Junction
31%
Sonoma County
31%
Tri-Cities
31%
Greenville/Spartanburg
28%
Mazatlán
28%
Rapid City
28%
Tulum
28%
Zihuatanejo
28%
Cedar Rapids
25%
Medford
25%
Springfield/Branson
25%
Sun Valley
22%
Huntsville
19%
Loreto
19%
Morelia
19%
Prescott
16%
Zacatecas
16%
Imperial
13%
Manzanillo
13%
Uruapan
3%
No matching quizzes found
Score Distribution
Percent of People with Each Score
Percentile by Number Answered
Your Score History
You have not taken this quiz